000 00298nam a22001337a 4500
008 170623b xxu||||| |||| 00| 0 eng d
020 _a978089789411132
041 _aeng
080 _a32
100 _a21
101 _aSHP
245 _aWOMEN IN WORLD POLITICS
_cBECKMAN.P.R
942 _2udc
_cBK
999 _c19096
_d19096